| 000 | 00795nam a2200265Ia 4500 | ||
|---|---|---|---|
| 003 | GCL | ||
| 005 | 20240530102417.0 | ||
| 008 | 140319s9999 xx 000 0 ara d | ||
| 040 |
_aGCL / _cGCL |
||
| 082 | 0 | 4 |
_a370.11 _bج ا |
| 100 | 1 | _aجرونلند، نورمان | |
| 245 | 1 | 0 |
_aالاهداف التعليمية تحديدها السلوكى وتطبيقاته / _cجرونلند، نورمان |
| 260 |
_a[S.N] : _bدار النهضة العربية |
||
| 300 | _a136 | ||
| 650 | 0 | 4 | _aالتعليم |
| 650 | 0 | 4 | _aفلسفة |
| 650 | 0 | 4 | _aنظريات |
| 650 | 0 | 4 | _aالسلوك |
| 650 | 0 | 4 | _aالقيمة النظرية |
| 650 | 0 | 4 | _aالتلاميذ |
| 650 | 0 | 4 | _aالغابات |
| 650 | 0 | 4 | _aالمدرسون |
| 700 | 1 | _aاحمد صبرى كاظم | |
| 942 |
_2ddc _cBK |
||
| 999 |
_c32041 _d32041 |
||